00621nmm a2200169Ia 4500008004100000020001800041041000800059100004100067245015600108264005400264300001800318490001600336650002300352856005200375942000700427999001700434251105s9999||||xx |||||||||||||||||und|| a9789978325339 aspa aCórdova González, María Lorena 0aManual Operativo para la inclusión de niños y niñas de 3 a 5 años :b Con necesidades educativas especiales derivadas de la discapacidad visual a[Quito, Ecuador] :bUniversidad del Azuay, c2014 a177 páginas aEducación aAges 3-5 Years Old uhttps://public.digitaliapublishing.com/a/133385 cCF c97938d97938